Bilbao Airport Destinations (Bilbao, Spain) - Statistics

General Stats
  • This quiz has been taken 314 times
    98 since last reset
  • The average score is 61 of 77
Answer Stats
Airline Destination % Correct
Vueling Barcelona
100%
Air Europa/Iberia Madrid
99%
Air France/Vueling Paris (Charles de Gaulle)
99%
Vueling Paris (Orly)
99%
Aer Lingus Dublin
97%
Lufthansa Munich
97%
KLM/Vueling Amsterdam
96%
Brussels Airlines/Vueling Brussels
96%
Norwegian Air Shuttle Oslo
96%
Lufthansa Frankfurt
95%
Volotea/Vueling Málaga
95%
Volotea/Vueling Seville
95%
Eurowings Berlin
93%
TAP Air Portugal/Vueling Lisbon
93%
easyJet/Vueling Milan (Malpensa)
93%
Air Europa/Iberia/Volotea/Vueling Palma de Mallorca
93%
Volotea/Vueling/Wizz Air Rome (Fiumicino)
93%
Edelweiss Air Zürich
93%
Air Cairo Cairo
92%
Norwegian Air Shuttle/Scandinavian Airlines/Vueling Copenhagen
92%
Vueling London (Gatwick)
92%
Vueling London (Heathrow)
92%
Wizz Air London (Luton)
92%
Volotea/Vueling Porto
92%
Iberia/Volotea/Vueling Valencia
92%
Aegean Airlines/Volotea Athens
90%
Turkish Airlines Istanbul
90%
Pegasus Airlines Istanbul (Sabiha Gökçen)
90%
Norwegian Air Shuttle Stockholm (Arlanda)
90%
Volotea Lyon
88%
easyJet Manchester
85%
Air Europa/Vueling Tenerife (North)
85%
Volotea Tenerife (South)
85%
Wizz Air Warsaw (Chopin)
85%
Volotea/Vueling Alicante
84%
Volotea/Vueling Gran Canaria
84%
Air Europa/Volotea/Vueling Ibiza
84%
Volotea Naples
84%
Wizz Air Vienna
84%
Wizz Air Budapest
82%
Eurowings Düsseldorf
82%
Eurowings/Vueling Hamburg
82%
Volotea Venice
82%
Smartwings/Vueling Prague
81%
easyJet Geneva
79%
Luxair Luxembourg
79%
Volotea Palermo
79%
Wizz Air Kraków
78%
Air Europa/Iberia/Volotea/Vueling Menorca
78%
Volotea Florence
77%
Vueling Faro
75%
Aer Lingus Cork
74%
Eurowings Stuttgart
74%
easyJet Basel/Mulhouse
73%
Air Europa/Vueling Lanzarote
73%
Vueling Fuerteventura
70%
Iberia A Coruña
68%
Volotea/Vueling Marrakesh
68%
United Airlines Newark
68%
Smartwings Sal
68%
Iberia Funchal
67%
Vueling Granada
67%
Air Cairo Luxor
67%
Volotea Murcia
64%
Iberia/Vueling Santiago de Compostela
64%
Azores Airlines Ponta Delgada
63%
easyJet Bristol
60%
Transavia Eindhoven
60%
Air Cairo Hurghada
60%
Iberia La Palma
59%
Volotea Verona
58%
Vueling Jerez de la Frontera
56%
Vueling Malta
55%
Volotea Olbia
51%
Air Arabia Tangier
49%
Smartwings Tirana
38%
Volotea Castellón
36%
No matching quizzes found
Score Distribution
Percent of People with Each Score
Percentile by Number Answered
Your Score History
You have not taken this quiz since the last reset